000 00408nam a2200181Ia 4500
001 24202
005 20260414151027.0
008 260414t2008||||xx |||||||||||||| ||spa||
041 _aESP
082 _a792.07
_bE345A
100 _aEines, Jorge
_eAUT
245 0 _aEl actor pide
_b
260 _c2008
300 _a132 páginas :
_c22 cm.
650 _aABD
654 _aCAU
942 _cLIB
_dJUS
_fJUS
_2ddc
_n
999 _c24202
_d24202